000 00653nam a2200205 a 4500
001 8613
003 CO-ViMGA
008 141112s2004 ck r 000 u spa d
040 _aCO-ViMGA
_bspa
_cCO-ViMGA
082 0 4 _a331.118 C65p
100 1 _aCOLOMBIA, PRESIDENCIA DE LA REPUBLICA,
_98508
245 1 0 _aPACTO SOCIAL DE PRODUCTIVIDAD, PRECIOS Y SALARIOS
260 _aBogotá,
_cMINISTERIO DE TRABAJO Y SEGURIDAD SOCIAL,
_c1995
300 _a79 p.
650 1 4 _aPACTO SOCIAL - COLOMBIA
_98509
650 1 4 _aPRECIOS - COLOMBIA
_98510
650 1 4 _aPRODUCTIVIDAD DEL TRABAJO - COLOMBIA
_98511
650 1 4 _aSALARIOS - COLOMBIA
_98512
942 _2ddc
_cBK
999 _c20254
_d20254